La celestina; tragicomedia de calisto y melibea. /

Guardado en:
Autor Principal: Rojas, Fernando de
Formato: Libro
Publicado: Madrid : Edaf, 1969
Series:Biblioteca, 46
Materias:
Etiquetas: Agregar Etiqueta
Sin Etiquetas, Sea el primero en etiquetar este registro!
LEADER 00471nam a22001695a 4500
001 CEM.cems005524
005 20060221000000.0
008 130507s1969##################000#0#####d
003 CEMS
082 0 4 |a 862.2 
100 1 |a Rojas, Fernando de 
245 1 0 |a La celestina; tragicomedia de calisto y melibea. / 
260 |a Madrid :  |b Edaf,  |c 1969 
300 |a 253 p. 
490 0 |a Biblioteca, 46 
653 |a Literatura 
859 |a CEMS  |b BIB. CEMS - 11 de abril  |h 862.2  |i R638-3  |p 8146.80  |t Ej.1